00473nam a2200145Ia 4500008004100000041001200041082001100053100002400064245003600088260001600124650000800140942000700148999001500155952015700170221030s9999 xx 000 0 und d aEnglish a105.23 aAditya Khajuria/282 0aAM, FM, SATELLITE COMMUNICATION aJammuc2001 aECE cTH c3664d3664 pI.T-205l0o105.23 r2022-10-30 00:00:00w2022-10-30yTH003Print4070aMIETLIBbMIETLIBcBL-Block-b, FL-1, CUP-42, SH-3, R-3d2007-10-1210HBE (ECE)